000 00669nam a2200193Ia 4500
003 GCL
008 140319s9999 xx 000 0 ara d
040 _aGCL /
_cGCL
082 0 4 _a301.2
_bت ث
100 1 _aتهانى حسن عبدالحميد الكيال
245 1 0 _aالثقافة والثقافات الفرعية /
_cتهانى حسن عبدالحميد الكيال
700 1 _aاحمد مصطفى ابوزيد
300 _a319 ص
490 _aالهيئة العامة للاستعلامات
_v0
650 0 4 _aالثقافة
650 0 4 _aالتغير الاجتماعى
650 0 4 _aالانتربولوجيا الثقافية
942 _2ddc
_cBK
999 _c49267
_d49267